| 000 | 00881nam a22002057a 4500 | ||
|---|---|---|---|
| 005 | 20230110093933.0 | ||
| 008 | 230110b ||||| |||| 00| 0 eng d | ||
| 020 | _a9789382152293 | ||
| 040 | _cAL | ||
| 041 | _aeng | ||
| 082 |
_223 _a363.73 _bTHAT |
||
| 100 |
_aThakur D K _969024 |
||
| 245 | _aTextbook of environmental disaster management | ||
| 260 |
_aJaipur _bManisha Prakashan _c2014 |
||
| 300 |
_a256p. _bPB _c22x14.5cm. |
||
| 365 |
_2General _a1835 _b₹914.00 _c₹ _d₹1075.00 _e15% _f12-12-2022 |
||
| 520 | _aNatural hazards and disasters; role of remote sensing and GIS technology; major Indian earthquakes and its impact on Indian economy; developing an Asian tsunami warning system; disaster management in India; application of remote sensing and GIS to water resources management. | ||
| 650 |
_2Disaster Management _aEnvironmental Problems _969025 |
||
| 942 |
_2ddc _cBK |
||
| 999 |
_c226353 _d226353 |
||